Traditional Indian Art / (Record no. 142162)

MARC details
000 -LEADER
fixed length control field 00513nam a22001817a 4500
005 - DATE AND TIME OF LATEST TRANSACTION
control field 20170629134217.0
010 ## - LCCN (DPL NO)
LC control number ENG-119046
020 ## - INTERNATIONAL STANDARD BOOK NUMBER
International Standard Book Number 9788193027790
Terms of availability 450.00
035 ## - SYSTEM CONTROL NUMBER
System control number EN-102578
037 ## - SOURCE OF ACQUISITION
Source of stock number/acquisition DBAD/PUB
082 ## - DEWEY DECIMAL CLASSIFICATION NUMBER
Classification number 791.430954
100 ## - MAIN ENTRY--PERSONAL NAME
Personal name Bhardwaj, Umesh
245 ## - TITLE STATEMENT
Title Traditional Indian Art /
Statement of responsibility, etc by Umesh Bhardwaj
260 ## - PUBLICATION, DISTRIBUTION, ETC. (IMPRINT)
Place of publication, distribution, etc Allahabad
Name of publisher, distributor, etc Om Publication
Date of publication, distribution, etc 2016
270 ## - ADDRESS
City Allahabad
Postal code 211003
Address 59 Pandariba
300 ## - PHYSICAL DESCRIPTION
Extent v,160p.
Dimensions 22cm(Hb)
942 ## - ADDED ENTRY ELEMENTS (KOHA)
Source of classification or shelving scheme Dewey Decimal Classification
Item type English Books
Call number suffix BHA
Classification part 791.430954
Holdings
Withdrawn status Lost status Not for loan Collection code Home library Current library Date acquired Source of acquisition Cost, normal purchase price Full call number Barcode Copy number Cost, replacement price Koha item type
    Not For Loan Non-fiction D.B.Act.Division Bawana 29/06/2017 DBAD/PUB. 450.00 791.430954 BHA EN-102578 1 450.00 English Books

© Delhi Public Library
Hit Counter
free hit counter